[Event "Latin Cup-A 3rd"]
[Site "Cali"]
[Date "2012.10.04"]
[Round "1"]
[White "Moreno, Victor"]
[Black "Osorio, Alejandro"]
[Result "0-1"]
[WhiteElo "1840"]
[BlackElo "1922"]
[PlyCount "86"]
[EventDate "2012.10.04"]
[EventType "swiss"]
[EventRounds "9"]
[EventCountry "COL"]
[SourceTitle "CBM 150 Extra"]
[Source "ChessBase"]
[SourceDate "2012.10.19"]
[SourceVersion "1"]
[SourceVersionDate "2012.10.19"]
[SourceQuality "1"]

1. d4 d5 2. e3 Nf6 3. c4 e6 4. Nf3 c5 5. Nc3 Nc6 6. Be2 Be7 7. cxd5 exd5 8. 0-0 0-0 9. h3 c4 10. Nh2 Be6 11. f4 Qc8 12. Bf3 Rd8 13. a3 Na5 14. Ng4 Nb3 15. Rb1 Bf5 16. Bd2 Bxb1 17. Nxb1 Nxg4 18. hxg4 f5 19. g5 Qe6 20. Nc3 Rab8 21. Qe2 b5 22. Bc1 a5 23. g4 b4 24. gxf5 Qxf5 25. e4 dxe4 26. Bxe4 Qh3 27. Qxc4+ Kh8 28. Qxb3 bxc3 29. Qxc3 Qxc3 30. bxc3 Rdc8 31. f5 Rxc3 32. f6 gxf6 33. gxf6 Rg8+ 34. Kh2 Bd6+ 35. Bf4 Bxf4+ 36. Rxf4 Rb8 37. f7 Kg7 38. a4 Rb2+ 39. Bg2 Kf8 40. Rf5 Rcc2 41. Rg5 Kxf7 42. Kh3 Rxg2 43. Rxa5 Rg6 0-1